Estadísticas 1950-1985
Este documento recoge estadísticas nacionales de los años 1950 a 1988. Algunas de las variables de los cuadros estadísticos son: tipos de cambio, reservas monetarias internacionales, tasas de redescuentos, préstamos al sector agropecuario, inversiones, emisiones monetarias, balance de ganancias y pé...
保存先:
| 団体著者: | |
|---|---|
| フォーマット: | テキスト |
| 出版事項: |
San José:
El Banco
|
| 主題: | |
| タグ: |
タグ追加
タグなし, このレコードへの初めてのタグを付けませんか!
|
MARC
| LEADER | 00000 a a2200000 04500 | ||
|---|---|---|---|
| 001 | 13725 | ||
| 003 | |||
| 040 | |a CRAI/IIS |c CRAI/IIS | ||
| 090 | |a 025300 | ||
| 110 | |a Banco Central de Costa Rica. División Económica | ||
| 245 | |a Estadísticas 1950-1985 | ||
| 260 | |a San José: |b El Banco | ||
| 300 | |a 222 p. | ||
| 300 | |b **no definido** | ||
| 520 | |a Este documento recoge estadísticas nacionales de los años 1950 a 1988. Algunas de las variables de los cuadros estadísticos son: tipos de cambio, reservas monetarias internacionales, tasas de redescuentos, préstamos al sector agropecuario, inversiones, emisiones monetarias, balance de ganancias y pérdidas, depósitos, colocaciones productivas, en vivienda y comercio, en industria y en el sector externo, balanza de pagos, importaciones, exportaciones, producto interno bruto, oferta y demanda, volumen producción agropecuaria, valor de la producción industrial, ingreso nacional, ingresos totales según presupuesto, egresos según presupuesto, gastos del gobierno,deuda interna, financiamiento del sistema bancario, impuesto sobre la renta y sobre las ventas, indices de precios, indices de salarios, etc. LOB/mb | ||
| 650 | |a MONEDAS | ||
| 650 | |a PRODUCCION | ||
| 650 | |a INDICES DE PRECIOS | ||
| 650 | |a TIPO DE CAMBIO | ||
| 650 | |a CREDITO | ||
| 650 | |a PRESTAMOS | ||
| 650 | |a DEPOSITOS BANCARIOS | ||
| 650 | |a COMERCIO EXTERIOR | ||
| 650 | |a INVERSIONES | ||
| 650 | |a ESTADISTICAS FINANCIERAS | ||
| 999 | |c 15193 |d 15193 | ||
